| 000 | 00540nam a2200169Ia 4500 | ||
|---|---|---|---|
| 008 | 090123s9999 xx 000 0 und d | ||
| 082 |
_b5739 _a891.463/पाध्ये |
||
| 100 | _aपाध्ये भाऊ | ||
| 245 | _aवॉर्ड नं.7 सर्जिकल | ||
| 250 | _a1 | ||
| 300 | _a142 | ||
| 600 | _aपाध्ये भाऊ | ||
| 630 | _aवॉर्ड नं.7 सर्जिकल | ||
| 700 | _aपाध्ये भाऊ | ||
| 730 | _aवॉर्ड नं.7 सर्जिकल | ||
| 942 | _cBOOK | ||
| 999 |
_c43804 _d43804 |
||